| 000 | 007470000a22002050004500 | ||
|---|---|---|---|
| 090 |
_aAR _b04499 |
||
| 100 | 1 |
_aOchoa Ochoa, Leticia _998435 |
|
| 700 | 1 |
_aUrbina Cardona, Nicolás _998436 |
|
| 700 | 1 |
_aVásquez, Luis Bernardo _998437 |
|
| 700 | 1 |
_aFlores Villela, Oscar _998438 |
|
| 700 | 1 |
_aBezaury Creel, Juan _998439 |
|
| 245 | 1 | 0 | _aEffects of Governmental Protected Areas and social initiatives for land protection on the conservation of mexican amphibians |
| 041 | 0 | _aInglés | |
| 690 |
_aAtreas protegidas _998440 |
||
| 690 |
_aIniciativas sociales de conservación _998441 |
||
| 690 |
_aIniciativas comunitarias _95591 |
||
| 690 |
_aConservación de biodiversidad _9345 |
||
| 942 | _cARTICULO | ||
| 773 | 1 |
_tPlosone _h9 e 6878 _q1-9 _d2009 _g4 |
|
| 999 |
_c13618 _d13618 |
||